000 00421 a2200157 4500
003 Nust
005 20250919180847.0
040 _cNust
082 _a005.265,LAF
100 _aLafore,Robert
_910251
245 _aThe waite group,s Obeject-Oriented Programming in Turbo C++ /
_cRobert Lafore
260 _aNew Delhi
_bGalgotia Publication PVT,LTD
_c1992
300 _axxvi,739p
650 _aC++
_936797
942 _2ddc
_cBK
999 _c191043
_d191043